00000000nam##2200000za#4500
0019.576326
003CaOODSP
00520210624185103
007cr |||||||||||
008150406|1981||||xxc|||||o    f|0| 0 eng|d
040 |aCaOODSP|beng
043 |an-cn---
0861 |aFs97-13/269E-PDF
1101 |aCanada. |bDepartment of Fisheries and Oceans.
24514|aThe distribution of temperature, salinity and density on Flemish Cap (47°00 ' N, 45°00 'W) in March, April and May 1979 / |h[electronic resource]|cby Ted A. Kendaris.
260 |aSt. John's - Newfoundland and Labrador : |bFisheries and Oceans Canada |c1981.
300 |a134p.|bfigs., references, tables
4901 |aCanadian data report of fisheries and aquatic sciences|vNo. 269
500 |aThis is the thirteenth Data Report from Research and Resource Services, St. John's, Newfoundland. Catalogue number of the print edition copied in the PDF version.
546 |a(Résumé en français)
590 |a13-10-Supp|b2013-04-13
7201 |aKendaris, Ted A.
830#0|aCanadian data report of fisheries and aquatic sciences ;|vNo. 269|w(CaOODSP)9.505124
85640|ahttp://publications.gc.ca|qPDF|s3373 KB|uhttps://publications.gc.ca/collections/collection_2013/mpo-dfo/Fs97-13-269-eng.pdf|yNo. 269